ENGLISH - I (Record no. 66209)
[ view plain ]
| 000 -LEADER | |
|---|---|
| fixed length control field | 00295nam a22001457a 4500 |
| 005 - DATE & TIME | |
| control field | 20250912113817.0 |
| 008 - FIXED-LENGTH DATA ELEMENTS--GENERAL INFORMATION | |
| fixed length control field | 250912b |||||||| |||| 00| 0 eng d |
| 040 ## - CATALOGING SOURCE | |
| Original cataloging agency | IIMT University College of Law |
| 100 ## - MAIN ENTRY--PERSONAL NAME | |
| Personal name | MYNENI, S R |
| 245 ## - TITLE STATEMENT | |
| Title | ENGLISH - I |
| 260 ## - PUBLICATION, DISTRIBUTION, ETC. (IMPRINT) | |
| Place of publication, distribution, etc | ALA |
| 300 ## - PHYSICAL DESCRIPTION | |
| Pages | 574 |
| 650 ## - Subject | |
| Subject | ENGLISH |
| 942 ## - ADDED ENTRY ELEMENTS (KOHA) | |
| Koha item type | Book Bank |
| 952 ## - LOCATION AND ITEM INFORMATION (KOHA) | |
| -- | 2025-09-17 |
| -- | 2025-09-12 |
| 952 ## - LOCATION AND ITEM INFORMATION (KOHA) | |
| -- | 2026-07-31 |
| -- | 2026-05-11 |
| -- | 2025-09-12 |
| 952 ## - LOCATION AND ITEM INFORMATION (KOHA) | |
| -- | 2025-09-17 |
| -- | 2025-09-12 |
| 952 ## - LOCATION AND ITEM INFORMATION (KOHA) | |
| -- | 2026-01-31 |
| -- | 2025-09-17 |
| -- | 2025-09-12 |
| 952 ## - LOCATION AND ITEM INFORMATION (KOHA) | |
| -- | 2025-09-16 |
| -- | 2025-09-12 |
| Withdrawn status | Lost status | Source of classification or shelving scheme | Damaged status | Not for loan | Location (home branch) | Sublocation or collection (holding branch) | Date acquired | Source of Acquisition | Koha issues (times borrowed) | Accession No. | Koha date last seen | Koha item type |
|---|---|---|---|---|---|---|---|---|---|---|---|---|
| IIMT University College of Law | IIMT University College of Law | 09/12/2025 | R LALL BOOK | 1 | 04-B-12083 | 01/30/2026 | Book Bank | |||||
| IIMT University College of Law | IIMT University College of Law | 09/12/2025 | R LALL BOOK | 2 | 04-B-12084 | 05/11/2026 | Book Bank | |||||
| IIMT University College of Law | IIMT University College of Law | 09/12/2025 | R LALL BOOK | 1 | 04-B-12085 | 02/03/2026 | Book Bank | |||||
| IIMT University College of Law | IIMT University College of Law | 09/12/2025 | R LALL BOOK | 1 | 04-B-12086 | 09/17/2025 | Book Bank | |||||
| IIMT University College of Law | IIMT University College of Law | 09/12/2025 | R LALL BOOK | 1 | 04-B-12087 | 01/28/2026 | Book Bank |

